000 00634nam a2200229Ia 4500
003 OSt
005 20220928111440.0
006 a|||||r|||| 00| 0
007 ta
008 220927b |||||||| |||| 00| 0 eng d
024 _a30356
037 _cTextual
040 _aSDCL
_cSDCL
_beng
041 _2eng
_aeng
082 _aO15,3E29,1, L7
100 _aDwivedi Vachaspati
_9423698
245 0 _aKathasaritsagar
_bEk sanskritik adhyayan.
260 _aPatna
_bSushil Kumar Dwivedi
_c1977
300 _a8,227p.
_ccm.
942 _hO15,3E29,1, L7
_cTEXL
_2CC
999 _c740248
_d740248